Balanced automation systems : (Record no. 4005)

MARC details
000 -LEADER
fixed length control field 01482nac a22002891u 4500
010 ## - LIBRARY OF CONGRESS CONTROL NUMBER
LC control number 96141475
020 ## - INTERNATIONAL STANDARD BOOK NUMBER
International Standard Book Number 0412722003
035 ## - SYSTEM CONTROL NUMBER
System control number (OCoLC)33347662
082 00 - DEWEY DECIMAL CLASSIFICATION NUMBER
Classification number 670.427
Item number C1409
090 ## - LOCALLY ASSIGNED LC-TYPE CALL NUMBER (OCLC); LOCAL CALL NUMBER (OCLC)
-- 4005
-- 4005
100 ## - MAIN ENTRY--PERSONAL NAME
Personal name 20080729
111 2# - MAIN ENTRY--MEETING NAME
Meeting name or jurisdiction name as entry element IEEE/ECLA/IFIP International Conference on Architectures and Design Methods for Balanced Automation Systems
Date of meeting (1995 :
Location of meeting VitoÌ?ria, Brazil)
245 10 - TITLE STATEMENT
Title Balanced automation systems :
Remainder of title architectures and design methods : proceedings of the IEEE/ECLA/IFIP International Conference on Architectures and Design Methods for Balanced Automation Systems, 1995 /
Statement of responsibility, etc edited by Luis Camarinha-Matos and Hamideh Afsarmanesh.
250 ## - EDITION STATEMENT
Edition statement 1st ed.
260 ## - PUBLICATION, DISTRIBUTION, ETC. (IMPRINT)
Place of publication, distribution, etc London ;
-- New York :
Name of publisher, distributor, etc Chapman & Hall,1995
Date of publication, distribution, etc 1995.
300 ## - PHYSICAL DESCRIPTION
Extent xiv, 471 p. :
Other physical details ill. ;
Dimensions 25 cm.
500 ## - GENERAL NOTE
General note "Published ... on behalf of the International Federation for Information Processing (IFIP)."
504 ## - BIBLIOGRAPHY, ETC. NOTE
Bibliography, etc Includes bibliographical references and indexes.
650 #0 - SUBJECT ADDED ENTRY--TOPICAL TERM
Topical term or geographic name as entry element Computer integrated manufacturing systems
General subdivision Congresses.
650 #0 - SUBJECT ADDED ENTRY--TOPICAL TERM
Topical term or geographic name as entry element Manufacturing processes
General subdivision Automation
-- Congresses.
650 #0 - SUBJECT ADDED ENTRY--TOPICAL TERM
Topical term or geographic name as entry element Systems engineering
General subdivision Congresses.
700 1# - ADDED ENTRY--PERSONAL NAME
Personal name Camarinha-Matos, Luis.
700 1# - ADDED ENTRY--PERSONAL NAME
Personal name Afsarmanesh, Hamideh.
710 2# - ADDED ENTRY--CORPORATE NAME
Corporate name or jurisdiction name as entry element International Federation for Information Processing.
942 ## - ADDED ENTRY ELEMENTS (KOHA)
Item type Book - Borrowing
Call number prefix 670.427C1409
Holdings
Withdrawn status Item status Damaged status Not for loan Home library Current library Shelving location Date acquired Source of acquisition Total Checkouts Full call number Barcode Date last seen Koha item type
        Central Library Central Library First floor 07/08/2014 Purchase   670.427 BAL 000000066 15/07/2025 Book - Borrowing